000 00693cam a22001814a 4500
005 20250605164357.0
008 250528s ||||||||||||||||||||||||d
035 _a24384
040 _aGR-AtMCL
_bgre
_dGR-AtMCL
_eAACR2
245 1 _aAramco World
260 _bAramco Services Company,
_c2015
300 _a48
520 _aSix Degrees of Suriname, Ferozkoh: Renewing the Arts of the Turquoise Mountain, Via Egnatia to Rome and Byzantium, The Fabled Flatbreads of Uzbekistan, Travelers of Al-Ghazal: From Constantinople to the Land of the Vikings, Classroom Guides, Events and Exhibitions.
700 1 _aAbul Hamayel Basil A.
_99456
942 _cCR
999 _c9272
_d9272